000 nam a22 7a 4500
999 _c329387
_d329387
003 ASAB
005 20170504114103.0
008 170504b xxu||||| |||| 00| 0 eng d
020 _a978-81-313-0218-7
040 _cASAB
082 _a628.52
245 _aEnvironmental biotechnology
_cDr. Chandrawati Jee, Shagufta
260 _aNew Delhi
_bA.P.H Publishing corporation.
_c2007
300 _a280 p
942 _2ddc
_cBK